[Event "ENG-ch Schools"]
[Site "Nottingham"]
[Date "2025.06.25"]
[Round "1.2"]
[White "Sandhu, Manvith"]
[Black "Dickson, Koby"]
[Result "1-0"]
[WhiteElo "2031"]
[BlackElo "1545"]
[PlyCount "67"]
[EventDate "2025.06.25"]
[EventType "team-swiss"]
[EventRounds "6"]
[EventCountry "ENG"]
[SourceTitle "CB27_2025"]
[SourceDate "2025.07.02"]
[SourceVersion "1"]
[SourceVersionDate "2025.07.02"]
[SourceQuality "1"]
[WhiteTeam "King Edward"]
[BlackTeam "York College"]
[WhiteTeamCountry "ENG"]
[BlackTeamCountry "ENG"]

1. e4 c5 2. Nf3 d6 3. d4 cxd4 4. Qxd4 Nc6 5. Bb5 e5 6. Qd3 Nf6 7. Nc3 Be7 8. Nd5 0-0 9. Nxe7+ Qxe7 10. 0-0 Bd7 11. c3 Rac8 12. Bg5 a6 13. Ba4 Nb4 14. Qd1 Nc6 15. Qd2 h6 16. Bxf6 Qxf6 17. Rfd1 b5 18. Bb3 Rfd8 19. Qxd6 Be6 20. Qa3 a5 21. Bxe6 Qxe6 22. Qc5 Rxd1+ 23. Rxd1 Qxa2 24. Nxe5 Qe6 25. Nxc6 Rxc6 26. Qxb5 Rb6 27. Qe2 Qb3 28. Rd2 a4 29. h3 Rb7 30. Qd3 Rb8 31. Qd4 Qa2 32. Qe5 Rxb2 33. Rd8+ Kh7 34. Qf5+ 1-0

[Event "Isle of Wight op"]
[Site "Ryde"]
[Date "2025.02.22"]
[Round "8"]
[White "Malinovsky, Ilya"]
[Black "Sandhu, Manvith"]
[Result "1-0"]
[WhiteElo "2073"]
[BlackElo "1904"]
[PlyCount "83"]
[EventDate "2025.02.18"]
[EventType "swiss"]
[EventRounds "9"]
[EventCountry "ENG"]
[SourceTitle "CB09_2025"]
[SourceDate "2025.02.27"]
[SourceVersion "1"]
[SourceVersionDate "2025.02.27"]
[SourceQuality "1"]

1. e4 c5 2. c3 Nf6 3. e5 Nd5 4. Nf3 e6 5. d4 cxd4 6. cxd4 d6 7. Bc4 Be7 8. 0-0 0-0 9. Qe2 Nd7 10. a3 Re8 11. Re1 dxe5 12. dxe5 Nf8 13. Rd1 b6 14. Nd4 Qc7 15. Nb5 Qc6 16. Nxa7 Rxa7 17. Bb5 Ba6 18. Bxa6 Nc7 19. Bd3 Ng6 20. Bd2 Rd8 21. Be4 Qb5 22. Qxb5 Nxb5 23. Nc3 Rad7 24. Nxb5 Rxd2 25. Rxd2 Rxd2 26. Bxg6 Rxb2 27. Bd3 Bc5 28. Rf1 Bxa3 29. Ra1 Bf8 30. Ra8 g6 31. Nd6 Kg7 32. Ne8+ Kh6 33. Nf6 Bc5 34. Rh8 Bxf2+ 35. Kf1 Bd4 36. h4 Kg7 37. Rxh7+ Kf8 38. Rh8+ Kg7 39. Rg8+ Kh6 40. g4 Be3 41. g5+ Bxg5 42. Rh8+ 1-0

[Event "Isle of Wight blitz op1"]
[Site "Isle of Wight"]
[Date "2025.02.19"]
[Round "3"]
[White "Sandhu, Manvith"]
[Black "Eagleton, Greg T"]
[Result "1/2-1/2"]
[WhiteElo "1819"]
[BlackElo "1979"]
[PlyCount "85"]
[EventDate "2025.02.19"]
[EventType "swiss (blitz)"]
[EventRounds "7"]
[EventCountry "ENG"]
[SourceTitle "CB08_2025"]
[SourceDate "2025.02.19"]
[SourceVersion "1"]
[SourceVersionDate "2025.02.19"]
[SourceQuality "1"]

1. e4 c5 2. Nf3 d6 3. d4 cxd4 4. Qxd4 Bd7 5. Be3 Nc6 6. Qd2 Nf6 7. Nc3 a6 8. Nd4 Ng4 9. Bg5 h6 10. Bh4 g5 11. Bg3 Bg7 12. Nf5 Bxf5 13. exf5 Qa5 14. h3 Nge5 15. 0-0-0 Rc8 16. Kb1 b5 17. f6 Bxf6 18. Nd5 Bg7 19. Qxa5 Nxa5 20. h4 Nac4 21. hxg5 hxg5 22. Rxh8+ Bxh8 23. Be2 e6 24. Nb4 a5 25. Nd3 Nxd3 26. Bxd3 Ke7 27. Bxc4 Rxc4 28. Bxd6+ Kf6 29. Bg3 Kg6 30. c3 b4 31. cxb4 axb4 32. b3 Re4 33. Kc2 Bc3 34. Kd3 Rd4+ 35. Ke2 Rxd1 36. Kxd1 Kf5 37. Ke2 Ke4 38. Bd6 f5 39. a4 bxa3 40. Bxa3 g4 41. Bd6 Kd5 42. Be7 f4 43. f3 1/2-1/2

[Event "Sutton Coldfield Escott Memorial op"]
[Site "Sutton Coldfield"]
[Date "2024.12.15"]
[Round "5"]
[White "Turner, Lewis A"]
[Black "Sandhu, Manvith"]
[Result "1-0"]
[WhiteElo "1996"]
[BlackElo "1893"]
[PlyCount "121"]
[EventDate "2024.12.14"]
[EventType "swiss"]
[EventRounds "5"]
[EventCountry "ENG"]
[SourceTitle "CB51_2024"]
[SourceDate "2024.12.18"]
[SourceVersion "1"]
[SourceVersionDate "2024.12.18"]
[SourceQuality "1"]

1. e4 c5 2. Nf3 e6 3. d4 cxd4 4. Nxd4 a6 5. Bd3 Nf6 6. Qe2 d6 7. c4 Qc7 8. Nc3 Be7 9. 0-0 0-0 10. Kh1 Nbd7 11. f4 b6 12. Bd2 Bb7 13. Nb3 Rad8 14. Rae1 Rfe8 15. Bb1 Qc6 16. Nd4 Qc7 17. Nf3 g6 18. Ng5 Nh5 19. f5 exf5 20. Nxf7 Kxf7 21. exf5 Nhf6 22. fxg6+ hxg6 23. Qg4 Nf8 24. Bg5 Kg7 25. Qh4 Ng8 26. Qd4+ Bf6 27. Bxf6+ Nxf6 28. Qxf6+ Kh6 29. h4 Qd7 30. Qg5+ Kg7 31. Nd5 Bxd5 32. cxd5 Rxe1 33. Rxe1 Re8 34. Rf1 Qe7 35. Qf4 Nd7 36. Qg3 Ne5 37. h5 Rf8 38. Rxf8 Kxf8 39. Bxg6 Nxg6 40. hxg6 Kg7 41. Kh2 b5 42. Kh3 b4 43. Qf4 Qe1 44. Qf7+ Kh6 45. Qf8+ Kg5 46. Qd8+ Kh5 47. g4+ Kxg6 48. Qxd6+ Kg5 49. Qd8+ Kg6 50. Qg8+ Kf6 51. Qe6+ Qxe6 52. dxe6 Kxe6 53. Kg3 Ke5 54. Kf3 Kd4 55. g5 Ke5 56. Kg4 Ke6 57. Kh5 Kf7 58. Kh6 Kg8 59. Kg6 b3 60. a3 a5 61. a4 1-0

[Event "Sutton Coldfield Escott Memorial op"]
[Site "Sutton Coldfield"]
[Date "2024.12.14"]
[Round "2"]
[White "Sandhu, Manvith"]
[Black "Liu, Tianyi"]
[Result "0-1"]
[WhiteElo "1893"]
[BlackElo "2225"]
[PlyCount "191"]
[EventDate "2024.12.14"]
[EventType "swiss"]
[EventRounds "5"]
[EventCountry "ENG"]
[SourceTitle "CB51_2024"]
[SourceDate "2024.12.18"]
[SourceVersion "1"]
[SourceVersionDate "2024.12.18"]
[SourceQuality "1"]

1. e4 c5 2. Nf3 e6 3. d4 cxd4 4. Nxd4 Nc6 5. Nc3 Qc7 6. Be3 a6 7. a3 b5 8. Be2 Ne5 9. 0-0 Nf6 10. Bf4 d6 11. Nf3 Bb7 12. Re1 Be7 13. Nxe5 dxe5 14. Bg3 0-0 15. Bd3 Nd7 16. Qh5 g6 17. Qh6 Nc5 18. Rad1 Rad8 19. h4 Bf6 20. h5 Bg7 21. Qg5 h6 22. Qe3 g5 23. Bf1 Rfe8 24. Rxd8 Rxd8 25. Bd3 Qc6 26. f3 Nd7 27. Bf2 Nf6 28. g4 Bf8 29. Qb6 Qxb6 30. Bxb6 Rc8 31. Rd1 Nd7 32. Bf2 Nc5 33. Bxc5 Bxc5+ 34. Kf1 Bd4 35. Nb1 Bxb2 36. Ke2 Bd4 37. Nd2 Bc3 38. Nb1 Ba5 39. Nd2 Kf8 40. Nb3 Bc3 41. Nd2 Ke7 42. Rb1 Bc6 43. Rb3 Bd4 44. c3 Bc5 45. Nb1 Bd7 46. Kd2 Rd8 47. Ke2 Bd6 48. Nd2 Rb8 49. Nb1 a5 50. Rb2 Kd8 51. Kd2 Kc7 52. Ke2 Kb6 53. Kd2 Bc6 54. Ke2 Bc5 55. Rb3 Rd8 56. Rb2 Be7 57. Rb3 Kc5 58. Rb2 Rb8 59. Rc2 a4 60. Rb2 Rd8 61. Rc2 f6 62. Rb2 f5 63. exf5 exf5 64. Bxf5 Bf6 65. Nd2 Bg7 66. Ne4+ Bxe4 67. Bxe4 Rd6 68. Bd3 Rb6 69. Ke3 e4 70. Bxe4 Bxc3 71. Rc2 b4 72. axb4+ Kxb4 73. Bd5 Rd6 74. Ba2 Rd8 75. Bf7 Rd7 76. Ba2 Rd6 77. Bf7 a3 78. f4 gxf4+ 79. Kf3 Rf6 80. Bd5 Rf8 81. Be6 Be5 82. Rc4+ Kb5 83. Rc2 Bb2 84. Ba2 Be5 85. Be6 Bd6 86. Ba2 Re8 87. Rc3 Re1 88. Kf2 Ra1 89. Rc2 Rh1 90. Kf3 Rh3+ 91. Ke4 Re3+ 92. Kd5 Bb4 93. Kd4 Rg3 94. Be6 f3 95. Bd7+ Kb6 96. Ke4 0-1

[Event "BCF-chT3W 2324 (4NCL)"]
[Site "England"]
[Date "2023.11.19"]
[Round "2.32"]
[White "Sandhu, Manvith"]
[Black "Mossong, Hubert"]
[Result "1-0"]
[WhiteElo "2031"]
[BlackElo "2046"]
[PlyCount "51"]
[EventDate "2023.11.18"]
[EventType "team-tourn"]
[EventRounds "11"]
[EventCountry "ENG"]
[SourceTitle "EXT 2025"]
[Source "ChessBase"]
[SourceDate "2024.10.14"]
[SourceVersion "1"]
[SourceVersionDate "2024.10.14"]
[SourceQuality "1"]
[WhiteTeam "Warwicks Select II"]
[BlackTeam "Ashfield"]
[WhiteTeamCountry "ENG"]
[BlackTeamCountry "ENG"]

1. e4 d6 2. d4 Nf6 3. Nc3 c6 4. Nf3 Bg4 5. h3 Bh5 6. g4 Bg6 7. Qe2 Nbd7 8. h4 h6 9. h5 Bh7 10. g5 hxg5 11. Nxg5 e5 12. d5 Qc7 13. Bh3 Be7 14. Be3 Nb6 15. 0-0-0 cxd5 16. exd5 a6 17. Nxh7 Rxh7 18. Bf5 Rh8 19. f4 Nbd7 20. Rde1 0-0-0 21. fxe5 dxe5 22. Bg5 Bb4 23. Rh4 Qd6 24. Qc4+ Bc5 25. b4 b5 26. Qxc5+ 1-0

[Event "Leamington Spa 4NCL op 26th"]
[Site "Leamington Spa"]
[Date "2021.09.11"]
[Round "3"]
[White "Sheikh, Anum"]
[Black "Sandhu, Manvith"]
[Result "1/2-1/2"]
[WhiteElo "1837"]
[BlackElo "1790"]
[PlyCount "73"]
[EventDate "2021.09.10"]
[EventType "swiss"]
[EventRounds "5"]
[EventCountry "ENG"]
[SourceTitle "CBM 204 Extra"]
[Source "ChessBase"]
[SourceDate "2021.11.30"]
[SourceVersion "1"]
[SourceVersionDate "2021.11.30"]
[SourceQuality "1"]

1. e4 c5 2. Nf3 e6 3. d4 cxd4 4. Nxd4 a6 5. Nc3 Qc7 6. Be2 Nf6 7. a3 Be7 8. Be3 d6 9. 0-0 0-0 10. f4 Nbd7 11. Nb3 b6 12. Bf3 Bb7 13. Qe1 Rfe8 14. Rd1 Rad8 15. g4 Nc5 16. Nxc5 dxc5 17. Rxd8 Rxd8 18. g5 Ne8 19. Bg4 Nd6 20. f5 exf5 21. exf5 Nc4 22. Bf4 Bd6 23. Ne2 Ne3 24. Bxe3 Bxh2+ 25. Kf2 Qc6 26. Rg1 Bxg1+ 27. Qxg1 Qe4 28. Qg3 Re8 29. f6 Bc8 30. Bxc8 Rxc8 31. Qh3 Re8 32. c3 Qe5 33. fxg7 Kxg7 34. Nf4 Qe4 35. Nh5+ Kh8 36. Nf6 Qc2+ 37. Kf3 1/2-1/2